meritum Daňový řád 2022
Saved in:
| Main Author | |
|---|---|
| Format | Electronic eBook |
| Language | Czech |
| Published |
Wolters Kluwer
2022
|
| Edition | 1. elektronické vydání |
| Subjects | |
| Online Access | Dostupné v BOOKPORT po přihlášení pomocí eduID |
| ISBN | 978-80-7676-266-4 978-80-7676-265-7 |
| Physical Description | 1 online zdroj (230 stran) |
| LEADER | 00000nam a2200000 i 4500 | ||
|---|---|---|---|
| 001 | bkp770713703 | ||
| 003 | CZ-prgp | ||
| 005 | 20221111113034.0 | ||
| 006 | m o d | ||
| 007 | cr cn | ||
| 008 | 221111s2022 xr o 000 0 cze | ||
| 020 | |a 978-80-7676-266-4 |c 535 Kč |q (online ; epub) | ||
| 020 | |a 978-80-7676-265-7 |c 629 Kč |q (print) | ||
| 040 | |a Grada |b cze |e rda | ||
| 100 | 1 | |a Lenka, Hrstková, Dubšeková | |
| 245 | 1 | 0 | |a meritum Daňový řád 2022 |c Dubšeková Lenka Hrstková |
| 250 | |a 1. elektronické vydání | ||
| 264 | 1 | |b Wolters Kluwer |c 2022 | |
| 300 | |a 1 online zdroj (230 stran) | ||
| 336 | |a text |b txt |2 rdacontent | ||
| 337 | |a počítač |b c |2 rdamedia | ||
| 338 | |a online zdroj |b cr |2 rdacarrier | ||
| 520 | 3 | |a meritum Daňový řád 2022 obsahuje z hlediska praktického využití srozumitelný výklad problematiky správy daní a je koncipováno jako každodenní pomůcka pro všechny, kteří se chtějí v této oblasti orientovat. Publikace je rozdělena do tří částí: principy správy daní problematika správy daní a její součásti sankce a soudní řízení Výklad je doplněn o praktické přílohy, např. vzory podání, tabulky a schémata, a je zpracován ve znění právních předpisů k 1. 1. 2022. Do jednotlivých kapitol merita byly doplněny zásadní změny daňového řádu provedené zákonem č. 283/2020 Sb. s účinností od 1. 1. 2021, konkrétně např. zjednodušení procesu zahájení a ukončení daňové kontroly, rozšíření využitelnosti daňové informační schránky, zákonné prodloužení tříměsíční lhůty o jeden měsíc v případě podání daňového přiznání elektronicky, rozlišování mezi sankcemi trestního charakteru a úroky, zavedení možnosti vyplacení zálohy na daňový odpočet, zavedení možnosti požádat o prominutí pokuty za opožděné tvrzení daně, zavedení nových pojmů (formulářové podání, oznámení) apod. V publikaci naleznete nově zapracovaná soudní rozhodnutí, která dotvářejí správu daní. | |
| 650 | 0 | 4 | |a Daně |
| 856 | 4 | 0 | |u https://www.bookport.cz/AccountSaml/SignIn/?idp=https://shibboleth.utb.cz/idp/shibboleth&returnUrl=/kniha/meritum-danovy-rad-2022-11124/ |y Dostupné v BOOKPORT po přihlášení pomocí eduID |